000 00377pab a2200157 454500
008 180718b2015 xxu||||| |||| 00| 0 eng d
100 _aGupta, Rohit
245 _aPreventing open defecation: Changing mindsets is the prerequisite
260 _c2015
300 _ap.55-58.
362 _aFeb
650 _aSanitation
773 _aYojana
908 _aN
909 _a106987
999 _c106982
_d106982